Monumentos de Europa - Estadísticas

Estadísticas generales
  • Esta prueba ha sido intentada 246 veces
  • La puntuación promedio es 9 de 12
Estadísticas de respuestas
Imagen Respuesta % Correcto
Torre de Pisa
99%
Torre Eiffel
99%
Big Ben
92%
Sagrada Familia
89%
Fontana di Trevi
85%
Coliseo Romano
80%
Arco del Triunfo
77%
Fuente de Cibeles
66%
Puerta de Alcalá
62%
Tower Bridge
61%
Acrópolis de Atenas
28%
Parlamento de Budapest
25%
No se encontraron pruebas coincidentes
Distribución de puntuación
Porcentaje de gente con cada puntuación
Porcentaje por número respondido
Historial de tus puntuaciones
No has intentado esta prueba.